| 000 | 00770nam a2200253 a 4500 | ||
|---|---|---|---|
| 003 | AR-BaBNM | ||
| 005 | 20251128210329.0 | ||
| 008 | 082120s2002 ||||||||||||||000 | spa|| | ||
| 020 | _a950-9843-35-0 | ||
| 040 | _cAR-BaBNM | ||
| 100 | 1 | _aMendizábal, Francisco Javier de | |
| 245 | 0 | 0 |
_aGuerra de la América del Sur _b1809-1824 |
| 260 |
_aBuenos Aires _bAcademia Nacional de la Historia _c1997 |
||
| 300 |
_a205 p. _bláms. |
||
| 490 | 0 |
_aBiblioteca de publicaciones documentales _vv. 19 |
|
| 650 | 4 | _aHISTORIA ARGENTINA | |
| 650 | 4 | _aHISTORIA LATINOAMERICANA | |
| 650 | 4 | _aPERIODO INDEPENDIENTE | |
| 650 | 4 | _aGUERRAS DE LA INDEPENDENCIA | |
| 653 | _aCARTOGRAFIA HISTORICA | ||
| 700 | 1 |
_aGutiérrez, Ramón _eprologuista |
|
| 942 | _cBK | ||
| 998 | _cMariana | ||
| 999 |
_c14991 _d14991 |
||